000 00766cam a2200205 i 4500
005 20251108164212.0
008 250721r2008 jo gr 000 0 ara d
020 _a9789957480288
082 1 4 _a001.42
_bد ع م
100 1 _aدعمس، مصطفى نمر
_eمؤلف.
245 1 0 _aمنهجية البحث العلمي في التربية والعلوم الإجتماعية /
_cتأليف الاستاذ مصطفى نمر دعمس.
264 1 _aعمان :
_bدار غيداء للنشر والتوزيع،
_c[2008].
300 _a406 صفحة.
650 1 7 _aالأسلوب العلمي.
650 1 7 _aأساليب البحث.
650 1 7 _aالعلوم الاجتماعية.
650 1 7 _aالتربية.
942 _2ddc
_cBK
999 _c6214
_d6214